[Event "Hokkaido Chess Championship 2025"]
[Site "?"]
[Date "2025.03.22"]
[Round "3.1"]
[White "Yoshii, Yukihiko"]
[Black "Dryglas, Maciej"]
[Result "0-1"]
[WhiteElo "1771"]
[BlackElo "2135"]
[Annotator "Fritz 11 SE (30s)"]
[PlyCount "38"]
[EventDate "2025.03.22"]
[EventRounds "5"]
[EventCountry "JPN"]

{A16: English Opening: 1...Nf6 with ...d5} 1. c4 d5 2. cxd5 Nf6 3. Nc3 Nxd5 4.
e4 Nxc3 5. bxc3 e5 (5... g6 6. h4 (6. Bc4 Bg7 7. h4 h6 8. d4 c5 9. Ne2 Nc6 10.
Be3 O-O 11. Qd2 cxd4 12. cxd4 Qa5 13. Rb1 Rd8 14. Bd5 e6 15. Bxc6 Qxd2+ 16.
Kxd2 bxc6 17. Rhd1 Ba6 18. Ke1 c5 19. dxc5 Bd3 20. Rbc1 Bb2 {Plaskett,J (2490)
-Firat,B (2448) Roquetas de Mar 2014 1/2-1/2 (70)}) 6... h5 7. d4 Bg7 8. Be3 c5
9. Bb5+ Bd7 10. Be2 Qa5 11. Kf1 O-O 12. g4 hxg4 13. h5 cxd4 14. cxd4 gxh5 15.
e5 Qd5 16. Rxh5 f5 17. Qd2 Qf7 18. Rh4 f4 19. Bd3 Bf5 20. Bxf4 {Colin,V (2428)
-Lagno,K (2527) Guingamp 2010 0-1 (44)}) 6. Nf3 Bd6 7. h3 $146 {Prevents
intrusion on g4} (7. d4 Nd7 8. Bc4 O-O 9. O-O h6 10. Bb3 Qe7 11. Re1 Rd8 12.
Qc2 Rb8 13. a4 a5 14. Nd2 Nb6 15. Nf1 c5 16. dxe5 Bxe5 17. Be3 Qc7 18. Rab1 c4
19. Bxb6 Qxb6 20. Bxc4 Qf6 21. Bd5 Be6 {Salazar,A (2210)-Franco Valencia,B 
(2176) La Ceja 2011 0-1 (54)}) (7. Be2 O-O 8. O-O Bg4 9. Qb3 b6 10. d4 Bxf3 11.
Bxf3 Nc6 12. Be3 Qf6 13. Rad1 Ne7 14. Be2 Ng6 15. g3 Qe7 16. Bf3 Rad8 17. Bg2
c5 18. h4 Qc7 19. h5 cxd4 20. cxd4 exd4 21. Bxd4 Be5 {Kostic,M (2170)-Petrovic,
M (2243) Kotor 2002 0-1 (68)}) (7. d4 $5 exd4 8. cxd4 $14 (8. Qxd4 $143 O-O $11
)) 7... O-O $11 8. Bc4 Nc6 9. d4 exd4 10. cxd4 Bb4+ (10... Qe7 $5 {might be a
viable alternative} 11. Qe2 Re8 $11) 11. Bd2 $14 Qe7 12. e5 $4 {forfeits the
advantage} (12. O-O $142 $16) 12... Nxd4 $1 $19 {Decoy: d4.} 13. Nxd4 Qxe5+ 14.
Qe2 $4 {the position was bad, and this mistake simply hastens the end} (14. Be2
$142 Qxd4 15. Bxb4 Qxb4+ 16. Qd2 Qxd2+ 17. Kxd2 $19) 14... Bxd2+ 15. Kxd2 Qxd4+
16. Bd3 (16. Qd3 {is the last straw} Qf6 17. Qc3 Rd8+ 18. Kc2 Qxf2+ 19. Kc1
Qf4+ 20. Kc2 $19) 16... Qb2+ 17. Bc2 Rd8+ 18. Ke3 Re8+ 19. Be4 Rxe4+ $1 {
Deflection: e2} (19... Rxe4+ 20. Kxe4 Qxe2+ 21. Kf4 Qxf2+ 22. Ke4 Bf5+ 23. Kd5
Rd8+ 24. Kc4 Rd4+ 25. Kc5 Rf4+ 26. Kb5 Qb6#) 0-1

[Event "Hokkaido Chess Championship 2025"]
[Site "?"]
[Date "2025.03.22"]
[Round "3.2"]
[White "Etabag, John Vincent"]
[Black "Kawamura, Takuto"]
[Result "1/2-1/2"]
[WhiteElo "1821"]
[BlackElo "1745"]
[Annotator "Fritz 11 SE (30s)"]
[PlyCount "75"]
[EventDate "2025.03.22"]
[EventRounds "5"]
[EventCountry "JPN"]

{B23: Closed Sicilian: Lines without g3} 1. e4 c5 2. Nc3 e6 3. f4 Nc6 4. Nf3
Qc7 {Black threatens to win material: Qc7xf4} (4... g6 5. d4 Bg7 6. d5 Nd4 7.
Nb5 Qb6 8. d6 Kd8 9. Bd3 Rb8 10. e5 f6 11. O-O Nh6 12. Qe1 Nhf5 13. Bd2 a6 14.
Ba5 {1-0 (14) Klichev,M (2355)-Retinsky,V (2440) Alushta 1997}) 5. Bb5 $146 (5.
d3 d6 (5... a6 6. a4 b6 7. Be2 Bb7 8. O-O Be7 9. Qe1 d6 10. Qg3 g6 11. Kh1 Nf6
12. Ng5 Nd4 13. Bd1 h5 14. Ne2 h4 15. Qh3 Nh5 16. Nxd4 cxd4 17. f5 gxf5 18.
exf5 e5 19. Bxh5 Bxg5 20. Bf3 {Ramon Perez,J (2315)-Llanes Luno,R (2225)
Aragon 2009 1-0 (36)}) 6. g3 Nf6 7. Bg2 Be7 8. O-O O-O 9. Kh1 (9. h3 Rb8 10. g4
b5 11. Ne2 b4 12. Ng3 Nd7 13. g5 a5 14. h4 Re8 15. Nh2 a4 16. a3 Nd4 17. h5 Bf8
18. Rf2 Ra8 19. Be3 bxa3 20. bxa3 e5 21. f5 f6 22. Ng4 fxg5 23. Bxg5 Be7 {
Nikontovic,S (2320)-Jensen,V (2218) Denmark 1999 1-0 (50)}) 9... a6 10. Be3 b5
11. Qe2 Bb7 12. Bg1 Rad8 13. Nd1 Rfe8 14. Nf2 e5 15. f5 d5 16. g4 Bd6 17. Nd2
c4 18. g5 cxd3 19. cxd3 Nd4 {Pasiev,R (2304)-Sanzhaev,D (2170) Togliatti 2011
0-1 (58)}) 5... d6 {Covers e5} 6. O-O Bd7 7. Bxc6 Bxc6 8. a4 Nf6 9. d3 Be7 10.
Qe1 h5 11. Nb5 Bxb5 12. axb5 c4 (12... O-O 13. c4 $11) 13. Be3 $14 a6 14. b6
Qc8 15. h3 {Secures g4} (15. Rc1 h4 $14) 15... Nd7 (15... O-O 16. Bd4 $11) 16.
Bd4 e5 (16... Bf6 $5 17. e5 dxe5 18. fxe5 Bd8 $14) 17. fxe5 dxe5 18. Nxe5 ({
Weaker is} 18. Bxe5 Nxe5 19. Nxe5 Qc5+ 20. Qf2 Qxe5 21. Qxf7+ Kd7 22. Qxc4 Qc5+
23. Qxc5 Bxc5+ 24. Kh2 Rhf8 $17) 18... Nxe5 19. Bxe5 Qc5+ 20. d4 Qxb6 21. c3 (
21. Qg3 $142 f6 22. Qxg7 $16) 21... Bd6 $2 (21... f6 $5 22. Bg3 O-O-O $16) 22.
Bxd6 (22. Bxg7 $142 $5 {might be the shorter path} Rg8 23. Bf6 Kd7 $18) 22...
Qxd6 23. Qe2 Rc8 24. Rf5 g6 25. Rf3 (25. Rd5 Qg3 $18) 25... O-O 26. Raf1 Qe7 (
26... Rc6 27. Qe3 Kg7 28. e5 $16) 27. e5 (27. Rf6 $5 Qd7 $18) 27... f5 $16 28.
Qe3 (28. Rg3 Kh7 $16) 28... Kh7 29. Re1 Rcd8 30. Qe2 {White threatens to win
material: Qe2xc4} Qe6 31. Ra1 Rf7 32. Kh1 Rd5 33. Ra4 ({Less advisable is} 33.
Qxc4 Rxe5 34. Qxe6 Rxe6 $11) 33... b5 34. Ra2 Rc7 35. Rf1 Rd8 36. Qe3 Ra7 (
36... Rc6 37. Ra5 $16) 37. Qf3 (37. d5 $142 $5 Qd7 38. Qd4 $18) 37... Rda8 38.
Re1 1/2-1/2

[Event "Hokkaido Chess Championship 2025"]
[Site "?"]
[Date "2025.03.22"]
[Round "3.3"]
[White "Sugimoto, Koichi"]
[Black "Honda, Yoshiki"]
[Result "1/2-1/2"]
[WhiteElo "1908"]
[BlackElo "1828"]
[Annotator "Fritz 11 SE (30s)"]
[PlyCount "151"]
[EventDate "2025.03.22"]
[EventRounds "5"]
[EventCountry "JPN"]

{D00: 1 d4 d5: Unusual lines} 1. d4 Nf6 2. Nc3 d5 3. Bf4 a6 4. e3 e6 5. g4 $146
(5. Bd3 c5 6. dxc5 Bxc5 7. Nge2 Nc6 8. Bg3 O-O 9. O-O Nh5 10. e4 Nxg3 11. Nxg3
d4 12. Nb1 Qh4 13. f4 b5 14. Nd2 Bb7 15. Ne2 Rad8 16. Rf3 Nb4 17. Rh3 Qe7 18.
Ng3 g6 19. Nf3 f6 {Mason,J-Weiss,M Vienna 1882 1-0 (35)}) (5. Nf3 c5 6. dxc5
Bxc5 7. Bd3 Nc6 8. a3 (8. Qe2 Qe7 9. Ne5 Bb4 10. O-O Nd7 11. Nxd7 Bxd7 12. e4
d4 13. Nb1 e5 14. Bc1 Bd6 15. Nd2 Nb4 16. Nc4 Nxd3 17. cxd3 Bc7 18. f4 exf4 19.
Bxf4 Bxf4 20. Rxf4 Be6 21. Nd2 O-O 22. Rff1 Qb4 {Alexiadis,H (2296)-Lokander,M
(2403) Pardubice 2015 1/2-1/2}) 8... h6 9. e4 O-O 10. O-O d4 11. Ne2 Nh5 12.
Bd2 e5 13. Ng3 Bg4 14. h3 Nxg3 15. fxg3 Be6 16. Nh4 Be7 17. Nf5 Bg5 18. Bxg5
Qxg5 19. h4 Qg6 {Kovalev,V (2540)-Fridman,D (2639) Liepaja 2015 1/2-1/2 (49)})
(5. Nf3 Nc6 $14) 5... Bd6 (5... Bb4 6. Nge2 $11) 6. g5 Ne4 7. Nxe4 dxe4 8. Bg2
Bxf4 9. exf4 Nc6 10. c3 {Secures b4} f5 11. gxf6 Qxf6 12. Ne2 Bd7 {[%cal Ye7f5,
Yc6e7,Yd7c6,Yc8d7] Manoeuvre Nc8-d7-c6-e7-f5} 13. Qc2 {White threatens to win
material: Qc2xe4} O-O-O 14. Bxe4 Ne7 15. O-O-O (15. Bxh7 $2 {is no good} g6 16.
Bxg6 Nxg6 $19 (16... Qxg6 $6 17. Qxg6 Nxg6 18. Rg1 $19)) 15... Bc6 16. Bxc6
Nxc6 17. Qe4 Ne7 18. Rhg1 g6 19. Rg5 Nf5 {A comfortable square for the black
knight} 20. Rgg1 Rhf8 (20... Ne7 21. Rd3 $16) 21. Rd3 $14 Rd5 22. Kb1 Nd6 23.
Qe3 Nc4 {Black threatens to win material: Nc4xe3} 24. Qh3 Qf5 (24... Rh5 25.
Qg2 $11) 25. Kc2 {White king safety dropped} (25. b3 Na5 $16) 25... Ra5 26.
Qxf5 {White forks: e6+f8} Rfxf5 27. Kb1 Rab5 28. b3 Rh5 29. h3 Nd6 30. Re3 {
White threatens to win material: Re3xe6} Kd7 31. Kc2 Nf5 32. Rd3 Rd5 33. Rg5
Ne7 34. Rdg3 (34. Re5 $5 $16) 34... Rdxg5 $11 35. fxg5 Nf5 {Black threatens to
win material: Nf5xg3} 36. Rf3 Rxg5 37. Ng3 h5 (37... Nxg3 38. fxg3 Rf5 39. Rxf5
exf5 40. Kd3 $11) 38. Ne4 {White threatens to win material: Ne4xg5} Rg2 39.
Nc5+ {White forks: b7} Ke7 40. Nxb7 g5 (40... Nh4 41. Rd3 $11) 41. Nc5 g4 42.
hxg4 hxg4 43. Rf4 g3 {Black threatens to win material: g3xf2} 44. Ne4 $4 {
releasing the pressure on the opponent} (44. Kd3 gxf2 45. Ne4 f1=Q+ 46. Rxf1
Rxa2 47. Nc5 $16) 44... Ne3+ $4 {allows the opponent back into the game} (44...
Rh2 $142 45. Nxg3 Nxg3 $17) 45. Kd3 $16 Nd5 46. Rf3 gxf2 47. Rxf2 Rg1 48. Nc5 {
White threatens to win material: Nc5xa6} (48. Rh2 $142 $5 $16) 48... Rg3+ $14 {
Black skewers: c3} 49. Kd2 Nxc3 50. a4 a5 {White has a new backward pawn: b3} (
50... Kd6 51. Rf8 $14) 51. Rh2 $14 Kd6 52. Rh6 (52. Rh5 Rf3 $16) 52... Nb1+ (
52... Kd5 53. Nxe6 Ne4+ 54. Kc2 Rg2+ 55. Kc1 $11) 53. Kc2 $14 {White threatens
to win material: Kc2xb1} Na3+ $4 (53... Nc3 $142 $14 {this is the best bet to
save the position}) 54. Kb2 $18 Kd5 55. Nxe6 Nc4+ (55... Nb1 56. Nf4+ Ke4 57.
Ne2 $18 (57. Kxb1 $6 {is clearly worse} Kxf4 58. Kb2 Ke4 $14)) 56. bxc4+ Kxc4
57. Rh5 Rg2+ 58. Kc1 Kb4 (58... Rg6 {does not save the day} 59. Rc5+ Kb4 $18)
59. Nc5 (59. d5 $142 $18 {and White has it in the bag}) 59... Kc3 60. Rh3+ Kxd4
61. Ne6+ (61. Nb7 Kc4 62. Kb1 Kb4 63. Rh4+ Ka3 $18) 61... Kc4 $16 62. Nxc7 Kb4
(62... Rg4 63. Nb5 Kb4 $11) 63. Rh4+ Kb3 64. Nb5 $4 {lets it slip away} (64.
Nd5 $142 $18 {secures victory}) 64... Ra2 {[%cal Ra2a4,Rb3a4,Gh4a4] Attacks
the isolani on a4. Black threatens to win material: Ra2xa4} 65. Rh3+ Kb4 66.
Nc3 {White threatens to win material: Nc3xa2} Rg2 67. Kb1 Rf2 $4 (67... Kb3
$142 $11 {would save the game}) 68. Nd1 $18 Rg2 $2 (68... Rf1 69. Rh4+ Kb3 $18)
69. Rh4+ (69. Nb2 $142 $18 {and the rest is a matter of technique}) 69... Kb3
$11 70. Rd4 Rh2 71. Kc1 Rc2+ 72. Kb1 Rh2 {Twofold repetition} 73. Rf4 Rg2 74.
Ne3 {White threatens to win material: Ne3xg2} Re2 {Black has a mate threat} 75.
Nd1 Rg2 76. Kc1 1/2-1/2

[Event "Hokkaido Chess Championship 2025"]
[Site "?"]
[Date "2025.03.22"]
[Round "3.4"]
[White "Aoki, Yasuhiro"]
[Black "kuramoto, koutarou"]
[Result "0-1"]
[WhiteElo "1731"]
[BlackElo "1757"]
[Annotator "Fritz 11 SE (30s)"]
[PlyCount "48"]
[EventDate "2025.03.22"]
[EventRounds "5"]
[EventCountry "JPN"]

{A34: Symmetrical English: 2 Nc3, lines with ...d5} 1. c4 Nf6 2. Nf3 g6 3. g3
Bg7 4. Bg2 O-O 5. O-O d5 6. cxd5 Nxd5 7. Nc3 c5 8. Qb3 Nxc3 9. dxc3 Nc6 10. Be3
b6 11. Rad1 Qc7 12. Bf4 e5 $146 (12... Qb7 13. Ng5 Bd7 14. Bd5 e6 15. Bg2 e5
16. Be3 h6 17. Ne4 Na5 18. Nf6+ Bxf6 19. Bxb7 Rab8 20. Rxd7 {1-0 (20) Suslova,
A (2152)-Nikolenko,V (2249) Cheliabinsk 2010}) 13. Nxe5 Be6 $4 {causes even
greater problems} (13... Bxe5 $142 14. Bxe5 Nxe5 15. Bxa8 Ba6 $16) 14. Qb5 (14.
Nxc6 $142 {secures the win} Bxb3 15. Bxc7 Bxd1 16. Rxd1 $18) 14... Bxe5 $4 {
Black has let it slip away} (14... Nxe5 $142 {Black has the better game} 15.
Bxa8 Rxa8 $19) 15. Qxc6 (15. Bxc6 Rac8 16. Bd7 Bxf4 17. Bxc8 (17. gxf4 $2 a6
18. Qa4 b5 19. Qxa6 Bxd7 $19) 17... Rxc8 18. gxf4 Qxf4 19. Rfe1 $14) 15... Qxc6
$4 {Black loses the upper hand} (15... Bxf4 $142 {and Black can hope to live}
16. gxf4 Qxf4 $11) 16. Bxc6 $16 Rac8 17. Bxe5 (17. Bd7 $5 Bxd7 18. Rxd7 (18.
Bxe5 $6 Bb5 19. Rfe1 Rfe8 $14) 18... Bxf4 19. gxf4 $16) 17... Rxc6 $14 18. a3 (
18. b3 $5 $14) 18... Re8 19. Rd6 Rxd6 20. Bxd6 Bc4 {Black threatens to win
material: Bc4xe2} 21. Bf4 Rxe2 22. Bc1 (22. b4 Ra2 23. Rd1 Rxa3 24. bxc5 bxc5
$11 (24... Rxc3 $4 {the pawn of course cannot be captured} 25. Rd8+ Kg7 26.
Be5+ Kh6 27. Bxc3 $18)) 22... a6 23. Kg2 h5 24. Kf3 $4 (24. Rd1 $142 $11 {
was a good chance to save the game}) 24... Rxb2 (24... Rxb2 25. Bxb2 Bxf1 $11)
0-1

[Event "Hokkaido Chess Championship 2025"]
[Site "?"]
[Date "2025.03.22"]
[Round "3.6"]
[White "Takeuchi, Hiroshi"]
[Black "Furuse, Mizuki"]
[Result "1/2-1/2"]
[WhiteElo "1629"]
[BlackElo "1588"]
[Annotator "Fritz 11 SE (30s)"]
[PlyCount "149"]
[EventDate "2025.03.22"]
[EventRounds "5"]
[EventCountry "JPN"]

{A48: 1 d4 Nf6 2 Nf3 g6: Torre, London and Colle Systems} 1. d4 Nf6 2. Nf3 g6
3. Bf4 Bg7 4. e3 O-O 5. Be2 c5 6. Nc3 $146 (6. O-O cxd4 (6... Qb6 7. Qc1 d6 8.
c3 Nbd7 9. Nbd2 Qc7 10. h3 e5 11. dxe5 dxe5 12. Bh2 Nd5 13. Rd1 N7b6 14. a4 a5
15. Nc4 Re8 16. Qd2 Bd7 17. e4 Nxc4 18. Bxc4 Nb6 19. Ng5 Re7 20. Bd5 Bxa4 21.
b3 {Niklasson,C (2400)-Moe,M (2345) Copenhagen 1983 0-1 (42)}) 7. exd4 d5 8. c3
Nc6 9. h3 (9. Nbd2 Nh5 10. Be3 Qc7 (10... f5 11. Nb3 f4 12. Bd2 Kh8 13. Nc5 Qd6
14. Nd3 Bf5 15. Re1 Bxd3 16. Bxd3 Rae8 17. Qa4 a6 18. Re2 e5 19. dxe5 Nxe5 20.
Nxe5 Bxe5 21. f3 b5 22. Qb3 Bf6 23. Rxe8 Rxe8 24. Re1 Rf8 25. Qd1 {Sydor,A 
(2405)-Maciejewski,A (2370) Lodz 1980 1-0 (64)}) 11. Re1 f5 12. Nb3 e6 13. Rc1
Nf6 14. Bb5 Ng4 15. Bd2 Nd8 16. c4 dxc4 17. Bb4 Qb6 18. Bxf8 Qxb5 19. Bxg7 cxb3
20. h3 Kxg7 21. hxg4 bxa2 22. Rc7+ Kg8 23. gxf5 Qxf5 {Andrianov,N (2445)
-Damjanovic,M (2325) Tel Aviv 1991 1-0}) 9... Bf5 10. Nbd2 Ne4 11. Re1 h6 12.
Bf1 g5 13. Bh2 e6 14. Nxe4 Bxe4 15. Nd2 Bg6 16. Nb3 Qe7 17. f4 Be4 18. fxg5
hxg5 19. Nc5 Bg6 20. Kh1 b6 {Kovacevic,V (2495)-Mikhalchishin,A (2490) Pula
1980 1-0 (42)}) 6... cxd4 7. exd4 d6 {Controls e5} 8. h4 (8. O-O d5 $11) 8...
Nc6 9. Qd2 h5 (9... Qa5 10. Bg5 $11) 10. O-O-O {White has a very active
position} (10. d5 e5 11. dxe6 Bxe6 $14) 10... Bf5 $11 {White has an active
position} 11. a3 {White has a very active position} (11. Bd3 Bg4 12. Be2 $11)
11... Qa5 (11... Ne4 12. Nxe4 Bxe4 13. Be3 $15) 12. Bh6 (12. d5 $142 {and
White can hope to survive} Nb8 13. Nd4 $14) 12... Bxh6 $15 13. Qxh6 Ng4 14. Qf4
Nxf2 15. Nd2 $2 (15. Rdf1 $142 e5 16. Qd2 exd4 17. Nxd4 Nxd4 18. Rxf2 $17)
15... Nxd1 $19 16. Bxd1 e5 17. dxe5 Qxe5 (17... Nxe5 18. Nb3 Qb6 19. Nd4 $17) (
17... dxe5 $6 18. Qh6 Nd4 19. Nde4 $17) 18. Qg5 (18. Rf1 Qxf4 19. Rxf4 Be6 $19)
18... f6 (18... Rfe8 $142 $5 {seems even better} 19. g4 Bxg4 20. Bxg4 Qxg5 21.
hxg5 hxg4 22. Nde4 $19) 19. Qh6 Rf7 20. Nf3 (20. Nc4 Qc5 21. Ne3 Re8 22. Nxf5
Qxf5 $19 (22... gxf5 $143 23. Qg6+ Kf8 24. Bxh5 Qe3+ 25. Kb1 $16)) 20... Qa5 (
20... Qc5 {keeps an even firmer grip} 21. Re1 d5 22. Qd2 $19) 21. Qf4 (21. Be2
d5 22. Rd1 Rd8 $19) 21... Rd8 (21... Re8 {and Black can already relax} 22. Be2
Rfe7 23. Bb5 $19) 22. Nd2 (22. Re1 d5 23. Nd4 Nxd4 24. Qxd4 Qb6 25. Qxb6 axb6
$19) 22... Qe5 23. Qa4 (23. Qf2 {doesn't change anything anymore} Re7 $19)
23... a6 (23... d5 $142 $5 {seems even better} 24. Nf3 Qg3 25. Re1 $19) 24. g4
Bxg4 (24... hxg4 {makes it even easier for Black} 25. Bxg4 d5 26. Bxf5 gxf5 27.
Qb3 $19) 25. Bxg4 hxg4 26. Qxg4 Qh5 27. Qe6 $6 {cannot solve the problems of
the position} (27. Qxh5 gxh5 28. Nde4 $19) 27... Qe5 {Black threatens to win
material: Qe5xe6} (27... Kg7 $142 $5 {might be the shorter path} 28. Qd5 Qxd5
29. Nxd5 $19) 28. Qg4 Rg7 29. Qf3 (29. Rd1 Qf5 30. Nde4 Qxg4 31. Nxf6+ Kh8 32.
Nxg4 Rh7 $19) 29... Nd4 30. Qf2 Nb5 (30... Re8 $142 $19 {and Black can already
relax}) 31. Qb6 $2 (31. Nxb5 $142 axb5 32. Re1 $19) 31... Re8 32. Kb1 (32. Nce4
{does not improve anything} f5 33. Nf2 Rc7 $19) 32... Nxc3+ 33. bxc3 Qb5+ (
33... Qxc3 $142 {and Black has reached his goal} 34. Qxd6 Re2 35. Qd5+ Kh8 36.
Rd1 $19) 34. Qxb5 axb5 35. Kb2 Rge7 36. Nb3 (36. Rg1 {hardly improves anything}
Kf7 37. c4 Re5 $19) 36... Re1 37. Rh3 R8e3 38. Rh2 Rg1 (38... R3e2 {keeps an
even firmer grip} 39. Rh3 Rd1 40. Rf3 $19) 39. Nd4 (39. Rd2 f5 40. Rxd6 Re7 $19
) 39... Re4 (39... Ree1 $142 {seems even better} 40. Nb3 $19) 40. Nxb5 Rd1 41.
Rh3 (41. Nd4 Re5 $19) 41... Kf7 42. Nd4 Rg1 (42... Ree1 {makes it even easier
for Black} 43. h5 g5 44. Kb3 $19) 43. h5 gxh5 (43... g5 $5 {and Black can
already relax} 44. Nf5 g4 45. Rh4 $19) 44. Rxh5 Re5 45. Rh7+ Rg7 46. Rh8 f5 47.
Rb8 (47. a4 Kf6 $19) 47... Kg6 48. Rd8 Rd5 (48... Rf7 49. Rg8+ Kh6 50. Rd8 $19)
49. Kb3 (49. Ne6 Rb5+ 50. Ka2 Re7 51. Rxd6 Ra5 $19) 49... Re7 50. Kc4 Rc5+ (
50... Ree5 $5 51. a4 $17) 51. Kb4 $17 Rd5 52. Kc4 Ree5 53. Rb8 (53. a4 $5 $17)
53... Rc5+ 54. Kd3 (54. Kb4 b5 $19) 54... f4 55. Rxb7 (55. Rd8 Re3+ 56. Kd2 Rh5
57. Rg8+ Kf7 $19) 55... Re3+ 56. Kd2 Rcxc3 (56... Rh5 {keeps an even firmer
grip} 57. Rd7 Rh2+ 58. Kc1 $19) 57. Rd7 $2 (57. Ne2 $142 Rxa3 58. Nxf4+ Kf5 59.
Rf7+ Ke4 60. Nd3 $19) 57... Rxa3 58. Rxd6+ Kf7 (58... Kg5 {might be the
shorter path} 59. Rd8 $19) 59. Rd5 (59. Nb3 Rh3 60. Rd4 $19) 59... Rh3 $4 {
Black lets it slip away} (59... Re4 $142 $19 {the advantage is on the side of
Black}) 60. Rf5+ $15 {White forks: f4} Ke7 61. Rxf4 Rh2+ 62. Kc1 Rc3 63. Kb2 {
White threatens to win material: Kb2xc3} Rhh3 64. Re4+ Kd7 65. Rg4 Rhe3 (65...
Rc4 66. Rg7+ Kc8 67. Rg8+ Kb7 68. Rd8 $15) 66. Rg7+ Kc8 67. Rf7 Rc5 68. Rf4 Rd5
69. Nb3 Rb5 70. Rc4+ Kd8 71. Ka2 Rb8 72. Kb2 Rb7 73. Ka2 Rb8 74. Kb2 {Twofold
repetition} Rb7 75. Ka2 1/2-1/2